000 03512nam a22003737a 4500
005 20120511104132.0
010 _aB-459075-9089
020 _a9788184245035
_c550.00
035 _aB-459075-9089
037 _adpl
_bAllied Pub /Ven
082 _a954.09
100 _aGandhi, Kishore
_947197
245 _aIndia beyond sixty /
_cby Kishore Gandhi
260 _aNew Delhi
_bAllied Pub /Ven
270 _a1/13-14 Asaf ali road
_bNew Delhi
_e110002
300 _axxiii,519p
_c23cm(Hb)
942 _2ddc
_cEN
_mGAN
_h954.09
999 _c66466
_d66466